000 00618cam a22002411 4500
001 sa 66003586
003 DLC
005 20260227112237.0
008 890802s1964 ii b 000 0 hino
010 _asa 66003586
035 _a(OCoLC)20113733
040 _aDLC
_cWaU
_dDLC
042 _apremarc
050 0 0 _aPK2095.S8
_bZ83
100 0 _aDaśaratharāja.
245 1 0 _aSūra sāhitya vimarśa.
260 _c[1964]
300 _a216 p.
_c18 cm.
500 _aIn Hindi.
500 _aIncludes Sūradāsa's Sūra padāvalī.
504 _aBibliographical footnotes.
600 0 0 _aSūradāsa,
_d1483?-1563?
999 _c68977
_d68977